000 00370nam a2200157Ia 4500
005 20250411060348.0
008 240331s9999 xx 000 0 und d
020 _a9558903027
082 _bPOT
_a891
100 _aPoter.E.H
245 0 _aSathuta bedana poliyana
260 _aDehiwala
_bBaby bee Publishers
_c2003
300 _a218 p .,
650 _aNovel
942 _cL
999 _c5342
_d5342